000 01017nam0a22002531 4500
001 rc\3531992
005 20250610014639.0
021 _aRU
_b[70-5056а]
035 _a(NLR Aleph) 007628971
090 _a6002582
_c6002581
100 _a20130115d1970 |||y0rusy50 ca
101 0 _arus
102 _aRU
105 _ay z |||||
200 1 _aВопросы истории эстонского литературного процесса XVIII-XIX веков
_eДоклад по опубл. трудам, представл. к защите на соискание учен. степени д-ра филол. наук
_e(10.642)
_fАН ЭССР. Отд-ние обществ. наук
210 _aТаллин
_cБ. и.
_d1970
215 _a62 с.
320 _aСписок работ авт.: с. 61-62 (13 назв.)
700 1 _aВинкель
_bА.М.
_f1918-
_gАарне Михайлович
801 0 _aRU
_bNLR
_gpsbo
801 1 _aRU
_bELAR
_2rusmarc
852 _aNLR
_j70-4/9272
942 _cBOOK
980 _aNB